000 00410nam a22001697a 4500
003 koha_MIRAKIL
005 20231213095604.0
008 231213b |||||||| |||| 00| 0 ||| d
040 _aTR-IsEVY
_btur
_cTR-IsEVY
082 _a810 BAY/F
100 _aBAYKARA, BARBAROS.
245 0 _aFATİH SULTAN MEHMET.
260 _bMilliyet,
_c1974
300 _a128.
650 _aTürk Edebiyatı.
942 _2ddc
_cBK
999 _c6155
_d6155